Cvičná firma pre absolventov

Salvato in:
Dettagli Bibliografici
Autore principale: Horecká, Gabriela
Altri autori: Velichová, Ľudmila
Natura: Libro
Lingua:slovacco
Pubblicazione: Bratislava Štátny inštitút odborného vzdelávania 2006
Soggetti:
Tags: Aggiungi Tag
Nessun Tag, puoi essere il primo ad aggiungerne!!

MARC

LEADER 00000nam$a2200000$$$4500
001 0049559
005 20240502071555.8
041 0 |a slo 
044 |a SK 
245 1 0 |a Cvičná firma pre absolventov  |c Gabriela Horecká a kol. 
264 1 |a Bratislava  |b Štátny inštitút odborného vzdelávania  |c 2006 
300 |a 86 s. 
610 2 0 |a firmy 
610 2 0 |a vyučovanie 
610 2 0 |a prax odborná 
610 2 0 |a absolventi 
610 2 0 |a firmy cvičné 
100 1 |a Horecká, Gabriela 
700 1 |a Velichová, Ľudmila